00600 2200229 4500001002100000005001700021008004100038035002500079040001200104041000800116043001500124082001000139090001600149100002600165245006300191250001000254260002800264300003400292650001400326850001200340990001800352YOGYA-0209000004794520150702142657.0 ind  a0010-020900000047945 aYOPDYOG aInd aYOPDYOG(M) a770.2 a770.2 Sul T aSULEIMAN, Amir Hamzah aTeknik kamar gelap untuk fotografic/ Amri Hamzah Suleiman aCet.4 aJakartabGramediac1978 avii, 181 hlmb: ilusc; 19 cm aFotografi aYOPDYOG aP000003886b1